00505 2200193 4500001002100000005001500021008004100036020002200077035001900099041000700118082000800125090001400133100001600147245004200163250000600205260004400211300003600255650002000291INLIS00000000000857720241224113655241224||||||||| | ||| |||| || |  a978-602-8275-60-6 0010-1224008577 aid0 a570 a570 WAH b0 aSri Wahyuni00aBiologi Sekolah Menengah Atas Kelas X a1 aJakartabpt. Rajagrafindo persadac2009 a26x19 cm, vii, 232 hlm.; ilus.: 0aIlmu-ilmu Murni